Miami Vice II (Record n. 99799)

Dettagli MARC
000 -LEADER
fixed length control field 02790njm a2200457Ia 4500
001 - CONTROL NUMBER
control field 90276
003 - CONTROL NUMBER IDENTIFIER
control field IT-RoPAU
005 - DATE AND TIME OF LATEST TRANSACTION
control field 20220918181121.0
008 - FIXED-LENGTH DATA ELEMENTS--GENERAL INFORMATION
fixed length control field 131025s9999 xx 000 0 und d
040 ## - CATALOGING SOURCE
Original cataloging agency IT-RoPAU
040 ## - CATALOGING SOURCE
Transcribing agency IT-RoPAU
041 ## - LANGUAGE CODE
Language code of text/sound track or separate title INGLESE
999 ## - SYSTEM CONTROL NUMBERS (KOHA)
Koha Dewey Subclass [OBSOLETE] n.d.
100 ## - MAIN ENTRY--PERSONAL NAME
Personal name AA.VV.
9 (RLIN) 794
100 ## - MAIN ENTRY--PERSONAL NAME
Relator term Autore musica
9 (RLIN) 27089
100 ## - MAIN ENTRY--PERSONAL NAME
Miscellaneous information Codice autore musica SPICS: 12000
9 (RLIN) 796
245 ## - TITLE STATEMENT
Title Miami Vice II
250 ## - EDITION STATEMENT
Edition statement 1a ed.
260 ## - PUBLICATION, DISTRIBUTION, ETC. (IMPRINT)
Place of publication, distribution, etc. USA
260 ## - PUBLICATION, DISTRIBUTION, ETC. (IMPRINT)
Name of publisher, distributor, etc. MCA RECORDS
Date of publication, distribution, etc. 1986 [1a Ed.:1986 - Ed. Lingua Orig.: 1982]
300 ## - PHYSICAL DESCRIPTION
Extent DISCO
300 ## - PHYSICAL DESCRIPTION
Dimensions 45 minuti (Testo: 0 pag.)
500 ## - GENERAL NOTE
General note Colonna sonora. New Musi From the Television Series "Miami Vice" Starring Don Johnson and Philip Michael Thomas
505 ## - FORMATTED CONTENTS NOTE
Formatted contents note Mercy [(Jones Steve) (5:00)] - Send It To Me [(Knight Gladys) (5:00)] - Take Me Home [(Collins Phil) (6:00)] - The Last Unbroken Heart [(Labelle Patti) (4:00)] - Crockett's Theme [(Instrumental) (Hammer Jan) (4:00)] - When the Rain Comes Down [(Taylor Andy) (4:00)] - Lover [(Music Roxy) (4:00)] - Lives In the Balance [(Browne Jackson) (5:00)] - In Dulce Decorum [(The Damned) (5:00)] - Miami Vice: New York Theme [(Hammer Jan) (3:00)] - The Original Miami Vice Theme [(Hammer Jan) (6:00)]
650 ## - SUBJECT ADDED ENTRY--TOPICAL TERM
Topical term or geographic name as entry element COLONNA SONORA [DISCHI]
Relator term Codice MATERIA SPICS: 9950
9 (RLIN) 27090
700 ## - ADDED ENTRY--PERSONAL NAME
Personal name Jones Steve
Dates associated with a name Codice autore musica SPICS: 32226
Relator term Autore musica
Name of part/section of a work Mercy
9 (RLIN) 27091
700 ## - ADDED ENTRY--PERSONAL NAME
Personal name Willis A.
Dates associated with a name Codice autore musica SPICS: 32227
Relator term Autore musica
Name of part/section of a work Send It To Me
9 (RLIN) 27092
700 ## - ADDED ENTRY--PERSONAL NAME
Personal name Wood L.
Dates associated with a name Codice autore SPICS: 32225
Relator term Autore
Name of part/section of a work Send It To Me
9 (RLIN) 27093
700 ## - ADDED ENTRY--PERSONAL NAME
Personal name Collins Phil
Dates associated with a name Codice autore musica SPICS: 11292
Relator term Autore musica
Name of part/section of a work Take Me Home
9 (RLIN) 27094
700 ## - ADDED ENTRY--PERSONAL NAME
Personal name Gordon Peter
Dates associated with a name Codice autore musica SPICS: 16804
Relator term Autore musica
Name of part/section of a work The Last Unbroken Heart
9 (RLIN) 27095
700 ## - ADDED ENTRY--PERSONAL NAME
Personal name Williams James
Dates associated with a name Codice autore SPICS: 16231
Relator term Autore
Name of part/section of a work The Last Unbroken Heart
9 (RLIN) 27096
700 ## - ADDED ENTRY--PERSONAL NAME
Personal name Gruska J.
Dates associated with a name Codice autore testo/musica SPICS: 32228
Relator term Autore testo/musica
Name of part/section of a work The Last Unbroken Heart
9 (RLIN) 27097
700 ## - ADDED ENTRY--PERSONAL NAME
Personal name Hammer Jan
Dates associated with a name Codice autore musica SPICS: 18133
Relator term Autore musica
Name of part/section of a work Crockett's Theme - Miami Vice: New York Theme - The Original Miami Vice Theme
9 (RLIN) 27098
700 ## - ADDED ENTRY--PERSONAL NAME
Personal name Taylor Andy
Dates associated with a name Codice autore musica SPICS: 32229
Relator term Autore musica
Name of part/section of a work When the Rain Comes Down
9 (RLIN) 27099
700 ## - ADDED ENTRY--PERSONAL NAME
Personal name Jones Steve
Dates associated with a name Codice autore SPICS: 32226
Relator term Autore
Name of part/section of a work When the Rain Comes Down
9 (RLIN) 27100
700 ## - ADDED ENTRY--PERSONAL NAME
Personal name Ferry Bryan
Dates associated with a name Codice autore musica SPICS: 16471
Relator term Autore musica
Name of part/section of a work Lover
9 (RLIN) 27101
700 ## - ADDED ENTRY--PERSONAL NAME
Personal name Manzanera P.
Dates associated with a name Codice autore SPICS: 32230
Relator term Autore
Name of part/section of a work Lover
9 (RLIN) 27102
700 ## - ADDED ENTRY--PERSONAL NAME
Personal name Browne Jackson
Dates associated with a name Codice autore musica SPICS: 8288
Relator term Autore musica
Name of part/section of a work Lives In the Balance
9 (RLIN) 27103
700 ## - ADDED ENTRY--PERSONAL NAME
Personal name The Damned
Dates associated with a name Codice autore musica SPICS: 32232
Relator term Autore musica
Name of part/section of a work In Dulce Decorum
9 (RLIN) 27104
942 ## - ADDED ENTRY ELEMENTS (KOHA)
Koha item type DISCHI
Source of classification or shelving scheme Dewey Decimal Classification
Dati di copia
Withdrawn status Lost status Damaged status Not for loan Home library Current library Date acquired Total Checkouts Full call number Date last seen Price effective from Koha item type Public note
    Buone Condizioni Not For Loan SPICS-MEDIATECA SPICS-MEDIATECA 25/10/2013   90276 25/10/2013 25/10/2013 DISCHI Progr. Ins.: 21686 / N.Vol.: 1 / Copie: 1 - Copia rara: n.d. / date import: 01.01.2014 - By Epidotti, Trombetti, Vaglietti
CREDITS: SOCIETA' SAN PAOLO Via A.Severo, 58 - ROMA (RM) & PERIODICI SAN PAOLO SRL Via Giotto, 36 MILANO & CISF Via Giotto, 36 MILANO & EDIZIONI SAN PAOLO SRL,  Piazza Soncino, 5 CINISELLO BALSAMO (MI) -- ITALY